Импульсно-дуговая сварка в защитных газах; Прогрессивные технологии и экономика в машиностроении

Bibliographic Details
Parent link:Прогрессивные технологии и экономика в машиностроении.— 2015.— [С. 107-109]
Main Author: Тихонов М. С.
Corporate Author: Национальный исследовательский Томский политехнический университет (ТПУ) Юргинский технологический институт (филиал) (ЮТИ) Кафедра сварочного производства (КСП)
Other Authors: Зубенко Л. Н. (научный руководитель), Крампит Н. Ю. Наталья Юрьевна
Summary:Заглавие с экрана
Language:Russian
Published: 2015
Series:Современные технологии в сварочном производстве
Subjects:
Online Access:http://earchive.tpu.ru/handle/11683/17923
http://www.lib.tpu.ru/fulltext/c/2015/C57/040.pdf
Format: Electronic Book Chapter
KOHA link:https://koha.lib.tpu.ru/cgi-bin/koha/opac-detail.pl?biblionumber=611739

MARC

LEADER 00000naa2a2200000 4500
001 611739
005 20260416122438.0
035 |a (RuTPU)RU\TPU\conf\9586 
035 |a RU\TPU\conf\9580 
090 |a 611739 
100 |a 20150420d2015 k y0rusy50 ca 
101 0 |a rus 
102 |a RU 
135 |a drgn ---uucaa 
181 0 |a i  
182 0 |a b 
200 1 |a Импульсно-дуговая сварка в защитных газах  |f М. С. Тихонов, Л. Н. Зубенко  |g науч. рук. Н. Ю. Крампит 
203 |a Текст  |c электронный 
215 |a 1 файл(304 Кб) 
225 1 |a Современные технологии в сварочном производстве 
300 |a Заглавие с экрана 
320 |a [Библиогр.: с. 109 (11 назв.)] 
337 |a Adobe Reader 
463 1 |0 (RuTPU)RU\TPU\conf\9525  |t Прогрессивные технологии и экономика в машиностроении  |o сборник трудов VI Всероссийской научно-практической конференции для студентов и учащейся молодежи, 9-11 апреля 2015 г., Юрга  |f Национальный исследовательский Томский политехнический университет (ТПУ), Юргинский технологический институт (ЮТИ) ; под ред. Д. А. Чинахова  |v [С. 107-109]  |d 2015 
610 1 |a электронный ресурс 
610 1 |a труды учёных ТПУ 
610 1 |a импульсно-дуговая сварка 
610 1 |a защитные газы 
610 1 |a плавящиеся электроды 
610 1 |a сварка в защитных газах 
700 1 |a Тихонов  |b М. С. 
701 1 |a Зубенко  |b Л. Н. 
702 1 |a Крампит  |b Н. Ю.  |c специалист в области сварочного производства  |c доцент Юргинского технологического института (филиала) Томского политехнического университета, кандидат технических наук  |f 1969-  |g Наталья Юрьевна  |4 727  |9 10777 
712 0 2 |a Национальный исследовательский Томский политехнический университет (ТПУ)  |b Юргинский технологический институт (филиал) (ЮТИ)  |b Кафедра сварочного производства (КСП)  |3 (RuTPU)RU\TPU\col\18891 
801 1 |a RU  |b 63413507  |c 20101016 
801 2 |a RU  |b 63413507  |c 20210211  |g RCR 
856 4 |u http://earchive.tpu.ru/handle/11683/17923 
856 4 |u http://www.lib.tpu.ru/fulltext/c/2015/C57/040.pdf 
942 |c BK